000 00574nam a2200181Ia 4500
008 151018s9999 xx 000 0 und d
082 _bRBASDV36573
_a891.462
100 _aगणेश हिर्लेकर
245 _aदेव्हारा
250 _b2
260 _bत्रिदल प्रकाशन मुंबई
_c1994
300 _a88
600 _aगणेश हिर्लेकर
630 _aदेव्हारा
700 _aगणेश हिर्लेकर
730 _aदेव्हारा
942 _cBOOK
999 _c1036020
_d1036017